Stadtbahn Hannover mit Karte - Statistiken

Allgemein
  • Dieses Quiz wurde 64 mal gespielt
  • Das Durchschnittsergebnis liegt bei 134 aus 349
Antworten auf der Karte
Die Antworten werden auf der Karte rot bzw. grün angezeigt, abhängig davon wie oft sie richtig erraten wurden.
 
Antwortstatistiken
Stationen % Korrekt
Hauptbahnhof
90%
Kröpcke
86%
Langenhagen
80%
Misburg
76%
Steintor
76%
Aegidientorplatz
74%
Garbsen
72%
Waterloo
72%
Laatzen
68%
Messe/Ost
68%
Zoo
68%
Altwarmbüchen
66%
Anderten
66%
Markthalle/ Landtag
66%
Sedanstraße/ Lister Meile
66%
Braunschweiger Platz
64%
Hemmingen
64%
Messe/Nord
64%
Roderbruch
64%
Empelde
62%
Stöcken
62%
Wettbergen
62%
Alte Heide
60%
Lister Platz
60%
Marienstraße
60%
Schwarzer Bär
60%
Stadionbrücke
58%
Ahlem
56%
Bf. Linden/Fischerhof
56%
Noltemeyerbrücke
56%
Nordhafen
56%
Werderstraße
56%
Döhren/Bhf
54%
Königsworther Platz
54%
Schlägerstraße
54%
Döhrener Turm
52%
Leibniz Universität
52%
Sarstedt
52%
Vahrenwalder Platz
52%
Herrenhäuser Gärten
50%
Pelikanstraße
50%
Rethen/ Bahnhof
50%
Clausewitzstraße
48%
Dragonerstraße
48%
Geibelstraße
48%
Medizinische Hochschule
48%
Peiner Straße
48%
Vier Grenzen
48%
Allerweg
46%
Alter Flughafen
44%
Fasanenkrug
44%
Glocksee
44%
Glocksee/Bhf
44%
Hauptbahnhof/ Rosenstraße
44%
Nackenberg
44%
Niedersachsenring
44%
Haltenhoffstraße
42%
Hauptbahnhof/ZOB
42%
Kopernikusstraße
42%
Mühlenberger Markt
42%
Altenbekener Damm
40%
Bothfeld
40%
Christuskirche
40%
Gleidingen
40%
Wallensteinstraße
40%
Kronsberg
38%
Langenhagen/ Zentrum
38%
Roderbruchmarkt
38%
Hannover Congress Centrum
36%
Kinderkrankenhaus auf der Bult
36%
Spannhagengarten
36%
Am Küchengarten
34%
Appelstraße
34%
In den Sieben Stücken
34%
Kantplatz
34%
Paracelsusweg
34%
Altwarmbüchen/ Opelstraße
32%
Brabeckstraße
32%
Freundallee
32%
Großer Hillen
32%
Laatzen/ Zentrum
32%
Altwarmbüchen/ Zentrum
30%
Am Brabrinke
30%
Bahnhof Karl-Wiechert-Allee
30%
Bahnhof Leinhausen
30%
Bünteweg/ Tierhochschule
30%
Fiedelerstraße
30%
Goetheplatz
30%
Klingerstraße
30%
Schneiderberg/ Wilhelm-Busch-Museum
30%
Tiergarten
30%
Laatzen/ Park der Sinne
28%
Misburger Straße
28%
Stadtfriedhof Lahe
28%
Annastift
26%
August-Madsack-Straße
26%
Lindener Marktplatz
26%
Stadtfriedhof Seelhorst
26%
Stadtfriedhof Stöcken
26%
Stockholmer Allee
26%
Uhlhornstraße
26%
An der Strangriede
24%
Bothmerstraße
24%
Büttnerstraße
24%
Fuhsestraße
24%
Fuhsestraße/Bhf
24%
Hainhölzer Markt
24%
Kerstingstraße
24%
Lortzingstraße
24%
Nieschlagstraße
24%
Schierholzstraße
24%
Tresckowstraße
24%
Wissenschaftspark Marienwerder
24%
Feldbuschwende
22%
Kabelkamp
22%
Leinaustraße
22%
Schaumburgstraße
22%
Stadtfriedhof Bothfeld
22%
Bothfelder Kirchweg
20%
Emslandstraße
20%
Herrenhäuser Markt
20%
Laatzen/ Krankenhaus
20%
Safariweg
20%
Seelhorster Allee
20%
Wiehbergstraße
20%
Am Mittelfelde
18%
Bauweg
18%
Beekestraße
18%
Kafkastraße
18%
Laatzen/ aquaLaatzium
18%
Oldenburger Allee
18%
Ostfeldstraße
18%
Pappelwiese
18%
Schünemannplatz
18%
Wiesenau
18%
Wunstorfer Straße
18%
Altwarmbüchen/ Ernst-Grote-Straße
16%
Am Lindener Hafen
16%
Hemmingen/ Zentrum
16%
Humboldtstraße
16%
Laatzen/ Eichstraße
16%
Stadtfriedhof Ricklingen
16%
Stöckener Markt
16%
Am Forstkamp
14%
Am Sauerwinkel
14%
Auf der Klappenburg
14%
Bahnstrift
14%
Berliner Platz
14%
Bleekstraße
14%
Großer Kolonnenweg
14%
Hemmingen/ Berliner Straße
14%
Königsberger Ring
14%
Krügerskamp
14%
Pascalstraße
14%
Saarbrückener Straße
14%
Windausstraße
14%
Zuschlagstraße
14%
Am Soltekampe
12%
Auf der Horst/ Marshof
12%
Auf der Horst/ Skorpiongasse
12%
Bartold-Knaust-Straße
12%
Bernhard-Caspar-Straße
12%
Freudenthalstraße
12%
Gedenkstätte Ahlem
12%
Hemmingen/ Saarstraße
12%
Hermann-Ehlers-Allee
12%
Kurze-Kamp-Straße
12%
Langenhagen/ Kurt-Schumacher-Allee
12%
Langenhagen/ Langenforther Platz
12%
Mecklenheidestraße
12%
Reiterstadion
12%
Sarstedt/ Am Boksberg
12%
Tempelhofweg
12%
Vahrenheider Markt
12%
Brunnenstraße
10%
Buchholz/Bhf
10%
Fenskestraße
10%
Freizeitheim Linden
10%
Gleidingen/ Thorstraße
10%
Heisede/ Marienburger Straße
10%
Körtingsdorfer Weg
10%
Laatzen/ Ginsterweg
10%
Langenhagen/ Angerstraße
10%
Rethen/ Galgenbergweg
10%
Rethen/ Pattenser Straße
10%
Riechersstraße
10%
Sarstedt/ Röntgenstraße
10%
Schönebecker Allee
10%
Harenberger Straße
8%
Jädekamp
8%
Laatzen/ Birkenstraße
8%
Laatzen/ Rethener Winkel
8%
Lauckerthof
8%
Unter den Birken
8%
Beneckeallee
6%
Friedenauer Straße
6%
Gleidingen/ Am Leinkamp
6%
Heisede/ Langer Kamp
6%
Krepenstraße
6%
Laatzen/ Neuer Schlag
6%
Papenwinkel
6%
Rethen/ Steinfeld
6%
Zehlendorfweg
4%
Keine übereinstimmenden Quizze gefunden
Verteilung der Resultate
Anzahl Personen mit jedem Resultat
Perzentil nach korrekt beantworteten Fragen
Ihre Resultats-Entwicklung
Sie haben dieses Quiz noch nicht gespielt